Supersanremo 1992 (Record n. 99353)

Dettagli MARC
000 -LEADER
fixed length control field 02133njm a2200301Ia 4500
001 - CONTROL NUMBER
control field A5847
003 - CONTROL NUMBER IDENTIFIER
control field IT-RoPAU
005 - DATE AND TIME OF LATEST TRANSACTION
control field 20220918181115.0
008 - FIXED-LENGTH DATA ELEMENTS--GENERAL INFORMATION
fixed length control field 131025s9999 xx 000 0 und d
040 ## - CATALOGING SOURCE
Original cataloging agency IT-RoPAU
040 ## - CATALOGING SOURCE
Transcribing agency IT-RoPAU
041 ## - LANGUAGE CODE
Language code of text/sound track or separate title ITALIANO
999 ## - SYSTEM CONTROL NUMBERS (KOHA)
Koha Dewey Subclass [OBSOLETE] n.d.
100 ## - MAIN ENTRY--PERSONAL NAME
Personal name AA.VV.
9 (RLIN) 794
100 ## - MAIN ENTRY--PERSONAL NAME
Relator term Autore musica
9 (RLIN) 28273
100 ## - MAIN ENTRY--PERSONAL NAME
Miscellaneous information Codice autore musica SPICS: 12000
9 (RLIN) 796
245 ## - TITLE STATEMENT
Title Supersanremo 1992
250 ## - EDITION STATEMENT
Edition statement 1a ed.
260 ## - PUBLICATION, DISTRIBUTION, ETC. (IMPRINT)
Place of publication, distribution, etc. MILANO
260 ## - PUBLICATION, DISTRIBUTION, ETC. (IMPRINT)
Name of publisher, distributor, etc. FONIT CETRA - RICORDI
Date of publication, distribution, etc. 1992 [1a Ed.:1992 - Ed. Lingua Orig.: 1992]
300 ## - PHYSICAL DESCRIPTION
Extent COMPACT DISC
300 ## - PHYSICAL DESCRIPTION
Dimensions 108 minuti (Testo: 0 pag.)
500 ## - GENERAL NOTE
General note Musica leggera. Canzone italiana. Canzoni di autori vari presentate al Festival di Sanremo 1992
505 ## - FORMATTED CONTENTS NOTE
Formatted contents note Gli uomini non cambiano mai [(Martini Mia) (5:00)] - Non amarmi [(Baldi Aleandro) (6:00)] - Italia d'oro [(Bertoli Pierangelo) (5:00)] - Rumba di tango [(Berti Orietta) (5:00)] - Un altro mondo nell'universo [(Bertuzzi Giampaolo) (5:00)] - Pitzinnos in sa gherra [(Tazenda) (5:00)] - Perché? [(Leali Fausto) (4:00)] - Brutta [(Canino Alessandro) (4:00)] - Favola blues [(Di Capri Peppino) (4:00)] - Uomo allo specchio [(Modugno Massimo) (4:00)] - Strade di Roma [(Zarrillo Michele) (5:00)] - Zitti zitti [(Il silenzio è d'oro) (Aeroplanitaliani) (4:00)] - Un frammento rosa [(Formula Tre) (5:00)] - Ti penso [(Ranieri Massimo) (5:00)] - Sai cosa sento per te [(Tomato) (5:00)] - Pe' dispietto [(Nuova Compagnia di Canto Popolare) (4:00)] - Che ne sai della notte [(Zecchino Lorenzo) (4:00)] - Quelli come noi [(New Trolls) (5:00)] - Principessa scalza [(Monteforte Andrea) (4:00)] - Come una Turandot [(Fargo Irene) (4:00)] - Un uomo in più [(Drupi) (5:00)] - Piccola Africa [(Polo Stefano) (4:00)] - Ma ti sei chiesto mai [(Reitano Mino) (5:00)] - Io ti darò [(Mengoli Paolo) (5:00)] - Amica di scuola [(Bulgari Patrizia) (4:00)] - Io scappo via [(Satta Flores Aida) (4:00)]
650 ## - SUBJECT ADDED ENTRY--TOPICAL TERM
Topical term or geographic name as entry element CANZONE ITALIAN [COMPACT DISC]
Relator term Codice MATERIA SPICS: 9949
9 (RLIN) 21937
700 ## - ADDED ENTRY--PERSONAL NAME
Personal name AA.VV.
Miscellaneous information Codice autore testo/musica SPICS: 12000
Relator term Autore testo/musica
9 (RLIN) 28274
942 ## - ADDED ENTRY ELEMENTS (KOHA)
Koha item type CD AUDIO
Source of classification or shelving scheme Dewey Decimal Classification
Dati di copia
Withdrawn status Lost status Damaged status Not for loan Home library Current library Date acquired Total Checkouts Full call number Date last seen Price effective from Koha item type Public note
    Buone Condizioni Not For Loan SPICS-MEDIATECA SPICS-MEDIATECA 25/10/2013   A5847 25/10/2013 25/10/2013 CD AUDIO Progr. Ins.: 255 / N.Vol.: 2 / Copie: 1 - Copia rara: n.d. / date import: 01.01.2014 - By Epidotti, Trombetti, Vaglietti
CREDITS: SOCIETA' SAN PAOLO Via A.Severo, 58 - ROMA (RM) & PERIODICI SAN PAOLO SRL Via Giotto, 36 MILANO & CISF Via Giotto, 36 MILANO & EDIZIONI SAN PAOLO SRL,  Piazza Soncino, 5 CINISELLO BALSAMO (MI) -- ITALY